00722nam a2200217 i 450000100060000000300090000600500170001500700030003200800410003502000180007608000210009410000340011524501240014926000310027330000220030449000260032654600770035270000250042983000230045485200270047714438ES-MaACL20250315062544.0t|990309s1998 sp ||||1| spa d a84-321-3223-3 a821.131.1-14"18"1 aLeopardi, Giacomo,d1798-183710aPoemas elegidos : bedición bilingüe / cGiacomo Leopardi ; selección y estudio preliminar de Milagros Arizmendi. aMadrid : bRialp, c[1998] a117 p. ; c18 cm.1 aAdonáis ; v539-540 aIntroducción en español; texto original y traducción al español.1 aArizmendi, Milagros.10aAdonáisv539-5404 aES-MaACLjJ-23-539-540